000
00255nam a2200109Ia 4500
008
240625s9999 xx 000 0 und d
041
_a
eng
082
_a
658.4012 CLE
100
_a
CLEGG STEWART R
245
_a
STRATEGY THEORY AND PRACTICE
260
_c
2012
999
_c
38277
_d
38277